000 01056nam a2200253Ia 4500
999 _c52631
_d52631
001 19655
003 GE_BSU
005 20200314185636.0
008 181216s1985||||ge |||||||||||||| ||geo||
040 _cGE_BSU
041 _ageo
080 _a811.353.1'282 კ-87
100 _aკუბლაშვილი, კ.
_97725
245 _aქართული ენის ქვემოიმერული დიალექტი /
_cკ. კუბლაშვილი ; რედ. ი. ქავთარაძე.
264 _aთბილისი :
_bთბილ. უნ-ტის გამ-ბა,
_c1985.
300 _a208 გვ. ;
_c20 სმ.
504 _aბიბლიოგრ. გვ. 200-206
541 _h2ლ.40თ.
653 _aქართული ენა
653 _aქართული ენის დიალექტები
653 _aქვემოიმერული დიალექტი
700 _aქავთარაძე, ი.
_eრედაქტორი
_97726
942 _cBK
_2udc